| 000 | 00845nam a22002057a 4500 | ||
|---|---|---|---|
| 999 |
_c18600 _d18600 |
||
| 003 | AR-CdUCM | ||
| 008 | 190514b ||||| |||| 00| 0 spa d | ||
| 040 |
_aMUNICIPALIDAD PROVINCIAL DEL CUSCO _cBIBLIOTECA MUNICIPAL DEL CUSCO |
||
| 082 |
_a985 / _bV32 |
||
| 100 |
_aVargas, Isaias _926455 |
||
| 245 |
_aRecapitulaciones psico-sociológicas de mis apuntes críticos sobre asuntos indigenistas : _bpara el 2° congreso indigenista indoamericano / |
||
| 260 |
_aCuzco : _bAmericana, _c1948. |
||
| 300 |
_a163 páginas ; _c22 cm. |
||
| 505 | _aContenido: El segundo congreso indigenista -- La persona -- Fraternidad e igualdad -- Derecho de personalidad y sus derivados -- La libertad ... | ||
| 650 |
_aPsico-sociológicas _939286 |
||
| 650 |
_aIndigenismo _9208 |
||
| 650 |
_aCongreso _912680 |
||
| 942 |
_2ddc _cLIBROS |
||
| 945 |
_aacv _d2019-05-14 |
||